[Event "SCO-ch"]
[Site "Edinburgh"]
[Date "1999.07.22"]
[Round "7"]
[White "Mannion, Stephen R"]
[Black "Rowson, Jonathan"]
[Result "0-1"]
[WhiteElo "2345"]
[BlackElo "2490"]
[Annotator "Rowson,J"]
[PlyCount "76"]
[EventDate "1999.07.16"]
[EventType "swiss"]
[EventRounds "9"]
[EventCountry "SCO"]
[SourceTitle "CBM 071 Extra"]
[Source "ChessBase"]
[SourceDate "1999.09.14"]
[SourceVersion "1"]
[SourceVersionDate "1999.09.14"]
[SourceQuality "1"]

1. e4 c5 2. Nf3 e6 3. d4 cxd4 4. Nxd4 a6 5. Bd3 Qb6 $5 6. Nb3 (6. c3 $5) (6.
Nf3 $5) 6... Qc7 7. O-O Nf6 8. Qe2 d6 9. N1d2 $5 Nc6 10. f4 {White's set up is
a little unusual; certainly I had never considered it carefully before.
However, I later discovered it had been reccomended by GM Julio Becerra of
Cuba.} Be7 11. Nf3 e5 $1 {Preventing the main idea of White's set-up; to force
through an early e5. Since White has no knight on c3 there are no problems
with the d5 square. In fact both of White's knights now look a little silly...}
12. c4 $6 {Steve is definitely a spaceman who enjoys staking out new territory.
However, this move only makes sense in conjunction with an f5 follow up
because otherwise White's dark squares will be very weak(after ...ef or fe).
Since I prefer Black in what follows I suspect White has already gone astray.
This is probably an example of Larsen's claim that if Black equalises in the
sicilian he is already better.} O-O $1 {Not fearing the following sufficating
advance.} (12... Bg4 $6 13. f5 a5 14. Be3 a4 15. Nbd2 Nd4 16. Qf2 $1 {is
better for White.}) (12... exf4 13. Bxf4 O-O 14. c5 {is dangerous for Black.})
13. f5 {otherwise I'd find some way of blockading the central dark squares.}
Nb4 $1 {The key to my counterattack. The prelate on d3 is one of these
infamous "good bad bishops". It looks like it is a very passive piece blocked
in by it's ows pawns, but it is also essential for defending all the weakened
light squares(especially the e4 pawn) created by the previous pawn advances.
It is essential that I had this move in conjunction with b5 to fight against
White's space; otherwise I could easily be squashed. Moreover, when short of
space almost any exchange is good news; as I learned on reading Michael
Stean's classic book Simple Chess.} 14. Bg5 (14. Bb1 b5 {causes White too much
hassle and anyhting else will sllow me to apply quick pressure to e4.}) 14...
b5 $1 15. cxb5 $2 {White's position may be bad anyway but this seems much too
cooperative. I was far more concerned by} (15. Rfc1 {when} Nxd3 ({so I thought
I might try:} 15... Ng4 $5 {which sets up various tricks e.g:} 16. cxb5 $2 (16.
Bxe7 Qxe7 17. c5 $1 {looked like White's best, and then I thought} d5 $5 {
left things fairly unclear, but in such situations I always prefer Black
because of his safer king.}) 16... Qa7+) 16. Qxd3 bxc4 17. Rxc4 Qb8 {is better
for Black but I feel my pieces are a bit sub-optimal.}) 15... Nxd3 16. Qxd3
Qb6+ (16... axb5 17. Rfc1 {is a little annoying; there's no ideal square for
my queen.}) 17. Kh1 (17. Be3 Qxb5 18. Qxb5 axb5 19. Bg5 Bb7 20. Nfd2 Rfc8 21.
Rfc1 Kf8 $1 {is a strategically winning endgame for Black; eventually I will
play ...d5 and the bishops will overpower the knights.}) 17... axb5 18. Bxf6 $1
{The best try, setting me practical problems; he has to try to hit me hard
before the bishops can breathe.} (18. Be3 Qb8 {is less awkward because the
White bishop is mis-placed and ...Ra4 and ...Bxf5 are in the air.}) 18... Bxf6
19. g4 $1 Bb7 $1 {I had a long think before that one; there were so many
different ways to deal with the following advance and I wanted to grant White
as little initiative as possible.} (19... Rd8 20. g5 Be7 21. f6 Bf8 {Puts the
bishop on a good square but once my kingside structure is compromised the
knights have promising posts. Perhaps the most instructive thing about this
game is how ineffective knights are when they don't have secure squares to
perch on.} 22. fxg7 Bxg7 23. Nh4 {is just unclear.}) 20. g5 Bd8 21. f6 g6 $1 {
This took a little courage because normally you'd only allow such a noose
around your king if the bishop is on f8 to prevent any accidents on g7.
However, the Queen finds it difficult to get to h6 because of the weakness of
e4, if it threatens to I can keep it out by ...h5 and if it gets there I'm
liable to have a good counter-sacrafice on f6. Eventually I realised the key
to the position was keeping the knights at bay. After this correct decision I
think White is just lost; in the long term there is no way to stop me
infiltrating the kingside, winning e4 or detonating with ...d5.} (21... gxf6 $2
22. gxf6 Bxf6 23. Nfd4 $1 {I hadn't actually seen this last move(Steve pointed
it out with some glee), but I just knew White would have something if I
weakened my king in this way.}) 22. Rfe1 (22. Nfd2 {intending Qh3 is crude but
has to be checked.} d5 $1 23. Qh3 h5 $1 {is a more than adequate defence.})
22... Re8 $1 {A good general move; mabye I can come to e6 and sac on f6 but
it's also useful to support e5 so that I can more readily play ...d5.} 23. Nbd2
{I was pleased to see this because now I can coordinate my pieces without
difficulty. There is something to be said for keeping the knight on b3 to hold
back the idea of ...Qc6-d7.} (23. a3 $5 Qc6 $140 24. Rac1 Qd7 25. Nc5) 23...
Qc6 $1 24. Rac1 Qd7 25. a3 Ba5 {I may want to take the knight on d2 but I also
wanted to provoke b4 so that my rook on a8 wouldn't feel left out.} (25... Bb6
$5 26. Nb1 $5 d5 27. Nc3 Qg4 28. exd5 e4 29. Rxe4 Rxe4 30. Qxe4 Qxe4 31. Nxe4
Bxd5 {is also better for Black, but mabye White can improve somewhere.} 32. Re1
Ra4 33. Ned2 $1 Kf8 $15) 26. Re2 Rad8 27. Qe3 Bxd2 $1 {It hurt to let this one
go, but otherwise Nb3 or b4 will lead to annoying counterplay. Moreover,
having fully mobilised the position felt ripe for a transition.} 28. Rxd2 $6 (
28. Nxd2 {It must be better to try to hold the e4 point, but then I was going
to refrain from the obvious ...d5 and instead play:} Rc8 $1 {after which I
think White has too many weak points to cover e.g:} 29. Ree1 Qg4) 28... Qg4 $1
{Suggesting that I made the correct decision on move 21; Black is the one with
the kingside attack.} 29. Re1 d5 $1 {The Black forces are perfectly
coordinated and the White king is in peril.} 30. Rg2 {There is no defence, but
this gave me the pleasure taking the whole centre.} Qxe4 31. Qb6 Qxf3 32. Qxb7
e4 {It's important to push them together I thought, and then was careful to
push the right one first.} (32... d4 $4 33. Qxf3) 33. Qxb5 d4 {The thing I
enjoyed most was the perfect placement of my rooks.} 34. Rf1 Qh5 35. Qb4 e3 36.
Rg3 d3 37. Kg2 Qe2+ 38. Kg1 d2 0-1

[Event "Pan American Intercollegiate-chT"]
[Site "Kenner"]
[Date "2016.12.28"]
[Round "3.4"]
[White "Ruiz Castillo, Joshua Daniel"]
[Black "Gorovets, Andrey"]
[Result "1-0"]
[WhiteElo "2331"]
[BlackElo "2522"]
[Annotator "Ruiz,J/Macieja"]
[PlyCount "95"]
[EventDate "2016.12.27"]
[EventType "team-swiss"]
[EventRounds "6"]
[EventCountry "USA"]
[SourceTitle "CBM 178"]
[Source "ChessBase"]
[SourceDate "2017.05.14"]
[SourceVersion "1"]
[SourceVersionDate "2017.05.14"]
[SourceQuality "1"]
[WhiteTeam "Texas Rio Grande Valley Univ"]
[BlackTeam "Texas Tech Univ"]
[WhiteTeamCountry "USA"]
[BlackTeamCountry "USA"]

1. e4 c5 2. Nf3 e6 3. d4 cxd4 4. Nxd4 {Before thisat game I didn't have enough
time to prepare. While looking at games of my opponent I became afraid he
would choose 4...Nc6, as I didn't remember too many lines. Eventually he opted
for} a6 {I decided to play a side line to avoid his preparation.} 5. Nd2 {
Not the best of course, but it is not that bad.} Nf6 6. Bd3 Qc7 7. O-O Bc5 8.
N4b3 Bd6 $6 {This move surprised me.} 9. h3 (9. f4 $1 {was the correct
response. Even though I saw it during the game, I wasn't sure it would work.}
Bxf4 10. Rxf4 $1 Qxf4 11. Nc4 Qc7 12. e5 {with huge compensation, as the dark
squares of my opponent are weak, and he is undeveloped.} d5 $1 {The only move
that doesn't lose immediately.} 13. Nd6+ Kf8 14. Be3 $1 Nbd7 15. Bd4 $1 {
The white pieces are nicely placed, the attack develops by itself, for
instance:} h5 16. Qf3 Nxe5 17. Bxe5 Ng4 18. Bd4 Kg8 19. Qg3 f6 20. h3 e5 21.
Bc5 h4 22. Qe1 Nh6 23. Nxc8 Rxc8 24. Qxh4 $16) 9... Be7 10. a4 O-O 11. a5 $6 (
11. Re1 d5 12. e5 Nfd7 13. Qh5 f5 14. Nf3 {would have been better.}) 11... d5
12. exd5 Nxd5 13. Nc4 Nd7 {I thought my opponent would develop his knight to
c6.} 14. Re1 N7f6 15. c3 Rd8 16. Qf3 Bd7 17. Nd4 Bb5 {When I played Nd4 I
expected that ...Bb5 wouldn't work. It shocked me when my opponent played it.}
18. Nxb5 axb5 19. Na3 Bxa3 ({After} 19... Qxa5 {I was planning to play} 20. Bd2
b4 21. Nc2 Qc7 22. Rxa8 Rxa8 23. c4 Nb6 24. b3 Nbd7 25. Nxb4 $11) 20. Rxa3 Rxa5
21. Rb3 $1 b4 (21... Nd7 $6 22. Rxb5 Ra1 (22... Ne5 $2 23. Bxh7+ $1 Kxh7 24.
Qh5+ Kg8 25. Rxa5 Nd3 26. Ra4 $1 Nxe1 27. Rh4 f6 28. Qe2 Qe5 29. Re4 Nxc3 $1
30. bxc3 Rd1 $3 31. Qxd1 Qxe4 32. f3 Qe5 33. Kf1 Nxg2 34. Kxg2 Qxc3 $16) 23.
Bf1 $14) (21... Qd7 $5 {was worthy of a try, to protect an extra pawn.} 22. Qe2
(22. Bg5 h6 $15) 22... Nc7 23. Bf4 Nfd5) 22. c4 Ne7 23. Rxb4 Nc6 24. Rb3 {
[%cal Gc6d4,Gf3b7]} Ra1 (24... Nd4 $2 25. Qxb7 $16) 25. Qe3 Nd7 (25... Ne5 26.
Bf1 Nxc4 27. Qc3 Ra4 (27... Rc8 28. Bf4 $16) 28. Bg5 $16) 26. Rb5 Nce5 $6 (
26... b6 $11) 27. Bf1 Nc6 {He must have originally thought he could have taken
the pawn.} (27... Nxc4 28. Qc3 Rc8 29. b3 $18 (29. Bh6 $18)) 28. Rg5 {Probably
this move was too optimistic, but I saw attacking chances and tactical
possibilities.} (28. b4 $142 Nde5 29. Rc5 $1) 28... Nf8 (28... e5 $5) 29. b4 (
29. Qc3 Ng6 30. Rc5 $14 {was more solid.}) 29... f6 30. Rg3 Nxb4 $2 {
Miscalculation.} ({I expected} 30... e5 31. c5 Kh8 $1 32. Qb3 Nd4 33. Qb2 Rda8
34. Bc4 {with a complicated position.}) 31. Qc3 $16 Rxc1 $6 (31... Rb1 32. Bb2
$1 Rxe1 33. Qxe1 $16) (31... Ra4 32. Bb2 $1 Qf7 (32... e5 $4 33. Qb3 {and
White will soon win material.}) 33. Qxf6 Qxf6 34. Bxf6 Rd7 $14) 32. Qxc1 Nc6 {
The black knight gets to d4, but it doesn't guarantee enough compensation, as
the position is too open on the queenside.} 33. Qb2 Nd4 34. Rb1 Rd7 35. Ra3 $1
{Black is unable to defend.} Qc5 36. Ra8 e5 37. Rb8 Nc6 38. Rxb7 e4 39. Rxd7
Nxd7 40. Rd1 Nce5 41. Qb7 e3 42. Rxd7 exf2+ 43. Kh1 Nxd7 44. Qxd7 Kf8 45. g3 g5
46. Qxh7 Qd6 47. Qd3 Qc6+ 48. Qd5 1-0

[Event "RUS-ch 68th"]
[Site "Chita"]
[Date "2015.08.18"]
[Round "9"]
[White "Jakovenko, Dmitrij"]
[Black "Artemiev, Vladislav"]
[Result "0-1"]
[WhiteElo "2759"]
[BlackElo "2671"]
[Annotator "Sagar Shah"]
[PlyCount "75"]
[EventDate "2015.08.09"]
[EventType "tourn"]
[EventRounds "11"]
[EventCountry "RUS"]
[EventCategory "18"]
[SourceTitle "CBM 168"]
[Source "ChessBase"]
[SourceDate "2015.09.14"]
[SourceVersion "1"]
[SourceVersionDate "2015.09.14"]
[SourceQuality "1"]

1. e4 c5 2. Nf3 e6 3. d4 cxd4 4. Nxd4 a6 5. Bd3 Ne7 6. O-O Nbc6 7. Nb3 g6 8. c4
Bg7 9. Nc3 O-O 10. Bg5 h6 11. Bh4 g5 12. Bg3 Ne5 13. Be2 N7g6 14. Qd2 b6 15. f3
Bb7 16. Bf2 Nf4 17. Na4 Nxe2+ 18. Qxe2 Nxc4 19. Qxc4 b5 20. Qb4 bxa4 21. Na5
Bc6 22. Nxc6 dxc6 23. Qxa4 Bxb2 24. Rab1 Be5 25. Qxc6 Qd2 26. Qc5 Bf6 27. Qa3
Rfd8 28. Qa4 Rac8 29. Rbd1 Qe2 30. Rxd8+ Rxd8 31. Re1 Qb2 {Diagram [#] Black
is slightly better here thanks to his activity but after a move like Qb3 he
has decent chances to hold. Instead Jakovenko went for a pawn grab that turned
out to be really bad.} 32. Qxa6 $2 (32. Qb3 Rd2 (32... Qxb3 33. axb3 Rd3 34.
Rb1 {should be holdable.}) 33. Qxb2 Rxb2 34. a3 Ra2 35. Bc5 Rc2 36. Bb6 $15 {
Slightly better for Black but nothing close to winning.}) 32... Rd2 33. Bg3 (
33. Qb6 $2 Rxf2 $1 34. Qxf2 Bd4 $19) (33. Rf1 Bd4 $1 $19 (33... Rxf2 34. Rxf2
Bd4 35. Qf1 $11 {is nothing special.})) 33... h5 $1 {The g2 pawn is not
running away. Artemiev sets his sight on removing the bishop from the control
of the h2 square.} 34. Qc8+ (34. e5 h4 35. exf6 Rxg2+ 36. Kh1 hxg3 37. Qa8+ Kh7
38. Qe4+ Kh6 $19 {The checks are over and so is the game!}) 34... Kg7 35. Qc1
Qd4+ 36. Kh1 h4 37. Bb8 Qf2 38. Rg1 {Good result for young Artemiev who beat
the top seed of the event.} (38. Rg1 h3 {and it's curtains.}) 0-1

[Event "Gibraltar Masters 11th"]
[Site "Caleta"]
[Date "2013.01.25"]
[Round "4"]
[White "Swiercz, Dariusz"]
[Black "Vachier Lagrave, Maxime"]
[Result "1-0"]
[WhiteElo "2627"]
[BlackElo "2713"]
[Annotator "Saunders,J"]
[PlyCount "101"]
[EventDate "2013.01.22"]
[EventType "swiss"]
[EventRounds "10"]
[EventCountry "GGB"]
[SourceTitle "CBM 153"]
[Source "ChessBase"]
[SourceDate "2013.03.14"]
[SourceVersion "1"]
[SourceVersionDate "2013.03.14"]
[SourceQuality "1"]

1. e4 c5 2. Nf3 e6 3. d4 cxd4 4. Nxd4 a6 5. Bd3 Bc5 6. Nb3 Ba7 7. Qe2 Nc6 8.
Be3 Bxe3 9. Qxe3 Nf6 10. Nc3 d6 11. O-O-O e5 (11... O-O 12. f4 Qc7 13. Rhg1 b5
14. g4 b4 15. g5 Ne8 {is a vintage line from some years ago in which White
seems to have the upper hand.}) 12. g3 Be6 13. f4 b5 14. Kb1 Rb8 15. Be2 O-O
16. f5 Bxb3 17. axb3 (17. cxb3 {is also feasible, intending to put the c-file
to use.}) 17... Nd4 (17... Qa5 {is a sharp line which was looked at by the
commentary team of Simon Williams and Irina Krush.}) 18. g4 (18. Rxd4 $5 exd4
19. Qxd4 {is a possibility but White might not have quite enough for the
sacrifice.}) 18... b4 19. Na4 d5 20. exd5 Re8 (20... Qxd5 {seems to make sense
since} 21. g5 {can be answered by} Qe4 {and Black is doing fine.}) 21. d6 $1 ({
A useful deflection of the black queen. If White plays the immediate} 21. g5
Nxd5 22. Qe4 {, Black has} Qxg5 $1 23. Qxd5 Nxe2 {which could be pretty good
for Black.}) 21... Qxd6 22. g5 Nd5 23. Qe4 Rec8 {[diag] Material is level but
the position is wide open and very imbalanced.} 24. Rhe1 $1 ({Very
enterprising.} 24. Bc4 $2 {runs into big trouble after} Rxc4 $1 25. bxc4 Nc3+
$3 {and Black wins. 24 Bd3 is possible, however.}) 24... Rxc2 ({Black is brave
and takes the bait but} 24... f6 {is a more cautious move and probably better.}
) 25. Bf3 $1 (25. Rxd4 Rxe2 26. Rxe2 exd4 27. Qxd4 {works out about equal, but
White wants more from the position. As played, White is threatening the knight
on d5, and to play Rxd4 followed by Qxc2, so Black has to take drastic action.}
) 25... Nc3+ $5 {The only move to carry the fight to the white king.} 26. bxc3
Rxc3 (26... bxc3 27. Rxd4 {and Black's various tries don't work, e.g.} Qa3 28.
Kxc2 Qa2+ 29. Kd3 Qd2+ 30. Kc4 {and the king is safe despite its apparent
exposure in the middle of the board.}) 27. Qd5 $1 ({White is a piece up and
wants a queen exchange. In avoiding it, Black has to retreat.} 27. Nxc3 bxc3 {
forces} 28. Rxd4 {when} Qa3 $5 {leads to murky complications.}) 27... Qc7 28.
Nxc3 {Safer than previously as Black doesn't have the Qa3 possibility.} bxc3
29. Rxd4 $1 {White needs to be rid of the powerful knight on d4.} exd4 30. g6
d3 31. Qxd3 ({Analysis engines might want to play something bizarre like} 31.
Bh5 {in this position but most humans would prefer not to take chances with
connected passed pawns bearing down on their monarch.}) 31... Rxb3+ 32. Kc1 Rb8
33. Bd5 Qa5 {Now White can force the rooks off and use his extra piece to win
the endgame.} 34. gxf7+ Kf8 35. Re8+ Rxe8 36. fxe8=Q+ Kxe8 37. Qe4+ Kd8 38. Kc2
Qa3 39. Qh4+ Ke8 40. Bc6+ Kf7 41. Bd5+ Ke8 42. Qe1+ Kd8 43. Qe6 Qb2+ 44. Kd3
Qxh2 45. Qg8+ Kc7 46. Qxg7+ Kd6 47. Bg2 {A useful move to hinder the black
queen.} Qh4 48. f6 Qe1 49. Qf8+ Kd7 50. Bh3+ Kc6 51. Qc8+ 1-0

[Event "Cappelle op 32nd"]
[Site "Cappelle la Grande"]
[Date "2016.02.20"]
[Round "9"]
[White "Sasikiran, Krishnan"]
[Black "Spraggett, Kevin"]
[Result "1-0"]
[WhiteElo "2632"]
[BlackElo "2522"]
[Annotator "Schulz,Andre"]
[PlyCount "63"]
[EventDate "2016.02.13"]
[EventType "swiss"]
[EventRounds "9"]
[EventCountry "FRA"]
[SourceTitle "EXT 2017"]
[Source "ChessBase"]
[SourceDate "2016.10.25"]
[SourceVersion "1"]
[SourceVersionDate "2016.10.25"]
[SourceQuality "1"]
[TimeControl "40/5400+30:1800+30"]
[WhiteClock "0:06:01"]
[BlackClock "0:02:23"]

1. e4 c5 2. Nf3 e6 3. d4 cxd4 4. Nxd4 a6 5. Bd3 Nf6 6. O-O d6 7. c4 Be7 8. Nc3
O-O 9. b3 Nbd7 10. Bb2 Re8 11. Kh1 Qc7 {Eine typische Igelposition.} 12. f4 b6
13. Qe2 Bb7 14. Rae1 Rad8 15. f5 (15. Bb1 Bf8 16. Nf3 g6 {kam schon einige
Male vor.}) 15... Bf8 ({Die Alternative war} 15... e5 $5 16. Nf3 (16. Nc2 Nc5
17. Nb4 (17. Ne3 b5 $5) 17... Nxd3 18. Qxd3 Rc8 $11) 16... Nc5 17. Bb1 Bc6 18.
Rg1 Qb7 19. g4 b5 $132) 16. fxe6 fxe6 {Nach dem Tausch auf e6 sind die Felder
e6 und auch g6 geschwächt, außerdem hat Weiß nun die f-Linie zur Verfügung.
} 17. Bc2 Ne5 {Ein schwarzer Springer auf e5 ist eine wichtiger Ankerpunkt
für die schwarze Position. Im Verlauf der Partie verliert dieser jedoch den
Halt.} 18. Qe3 Rb8 $6 {Vernachlässigt den Königsflügel...} (18... Rd7 $5 19.
Qg3 Rf7 $11) 19. Qg3 Kh8 20. Nce2 Bc8 21. Nf4 b5 {[#]} 22. Nf3 Nfg4 (22... bxc4
{scheitert an} 23. Nxe5 dxe5 24. Bxe5 Qxe5 25. Ng6+) (22... Nxf3 23. Qxf3 {
und wegen der Drohung e5 ist Schwarz nun selber zu} e5 {gezwungen mit vielen
Schwächen.}) 23. Ng5 ({Hier ging auch schon} 23. Ng6+ Nxg6 (23... hxg6 24.
Nxe5 Nxe5 25. Bxe5 dxe5 26. Qxg6 {gefolgt von Te3 und h3}) 24. e5 N6xe5 25.
Nxe5 Nxe5 26. Rxe5 dxe5 27. Bxe5 Qb7 28. Qd3 $18) 23... Qe7 {[#]} 24. Qh4 ({
Und hier verpasst Weiß es die nette Möglichkeit} 24. Nxh7 Kxh7 25. Bxe5 Nxe5
26. Ng6 Nxg6 (26... Qd8 27. Nxe5 dxe5 28. Qxe5 Bb7 29. Qh5+ Kg8 30. Re3 $18)
27. e5 {gefolgt von Matt.}) 24... h6 25. Qh5 Bd7 ({Oder} 25... Kg8 26. Bxe5
Nxe5 (26... dxe5 27. Nfh3 hxg5 28. Qg6 Z0 {gefolgt von} 29. Nxg5) 27. h4 hxg5
28. Ng6 Nxg6 29. e5 $18) 26. Ng6+ Nxg6 27. Nf7+ Kg8 28. Qxg4 Ne5 29. Bxe5 dxe5
30. Nxh6+ Kh8 31. Nf7+ Kg8 32. Qh5 $18 {und Matt.} 1-0

[Event "RUS-Cup01 Chigorin Memorial"]
[Site "St Petersburg"]
[Date "1997.11.07"]
[Round "7"]
[White "Solozhenkin, Evgeniy"]
[Black "Brodsky, Michail"]
[Result "0-1"]
[WhiteElo "2485"]
[BlackElo "2545"]
[Annotator "Solozhenkin,E"]
[PlyCount "68"]
[EventDate "1997.11.01"]
[EventType "swiss"]
[EventRounds "9"]
[EventCountry "RUS"]
[SourceTitle "CBM 062"]
[Source "ChessBase"]
[SourceDate "1998.01.31"]
[SourceVersion "1"]
[SourceVersionDate "1998.01.31"]
[SourceQuality "1"]

1. e4 c5 2. Nf3 e6 3. d4 cxd4 4. Nxd4 a6 5. Nc3 b5 6. Bd3 d6 7. O-O Nf6 8. a4
b4 9. Na2 e5 10. Nf3 $1 $146 Nc6 11. Qe1 Qb6 (11... a5 12. Bb5 Bd7 13. Bg5 Be7
14. c3 $16) (11... Bg4 12. Nxb4 Nxb4 13. Qxb4 $16) 12. Bd2 a5 13. c3 bxc3 (
13... b3 $2 14. Nc1 $16 {><b3}) 14. Nxc3 Be7 15. Bg5 $1 (15. Nd5 $6 Nxd5 16.
exd5 Nd4 $132) 15... Be6 16. Bb5 O-O 17. Rd1 $14 Nb4 18. Qe2 h6 (18... Rfd8 19.
Nd2) 19. Bxf6 Bxf6 20. Nd2 $1 d5 (20... Nc2 21. Nc4 Bxc4 22. Qxc4 Nd4 23. Nd5
Qd8 24. Qd3 Rc8 25. Bc4 $16 {/\b2-b3,g2-g3,Kg1-g2,f2-f4}) 21. exd5 Nxd5 $2 (
21... Bxd5 $5 22. Nde4 Bxe4 23. Nxe4 Rad8 24. Rde1 $14) 22. Nde4 Nxc3 23. Nxf6+
gxf6 24. bxc3 Rfd8 25. Rde1 $1 Rac8 26. Qf3 Kg7 27. Qg3+ $2 (27. Re3 Rh8 28.
Qg3+ Kf8 29. Qh4 Ke7 (29... Bf5 30. Rf3 Qe6 31. Bd7 $1 $18) 30. Rxe5 Rxc3 31.
Rh5 $18) 27... Kf8 28. Qh4 Kg7 29. Re3 Bf5 30. Kh1 Rd6 31. Rg3+ Bg6 32. f4 exf4
33. Qxf4 Rc5 34. Qf2 $4 Rxb5 $1 0-1